[Event "7e Festival de Vaujany 2016 - principal"]
[Site "Vaujany "]
[Date "2016.07.19"]
[Round "4.3"]
[White "Joie, Sebastien"]
[Black "Bauer, Christian"]
[Result "0-1"]
[WhiteElo "2387"]
[BlackElo "2621"]
[PlyCount "110"]
[EventDate "2016.??.??"]
[WhiteTeam "Cercle d'Echecs de l'Agglomération Annécienne"]
[BlackTeam "C.E. de  Bois-Colombes"]

1. g3 e5 2. Bg2 d5 3. d3 Nf6 4. Nf3 Bd6 5. O-O O-O 6. Bg5 Nbd7 7. Nc3 c6 8. e4
d4 9. Ne2 Re8 10. c3 c5 11. Bh3 h6 12. Bxf6 Qxf6 13. Nd2 Rd8 14. Nc4 b5 15.
Nxd6 Qxd6 16. cxd4 exd4 17. f4 c4 18. Bxd7 Bxd7 19. f5 Re8 20. Rc1 Bc6 21. Rf4
Qe5 22. f6 g6 23. Qd2 cxd3 24. Qxd3 Bxe4 25. Qxd4 Qe6 26. Qe3 g5 27. Rf2 Qg4
28. Rd1 Bb7 29. Qd4 Qe6 30. h4 Qc6 31. Kh2 Rad8 32. Qxd8 Rxd8 33. Rxd8+ Kh7 34.
Rd1 Qe4 35. hxg5 hxg5 36. g4 Qxg4 37. Rd4 Qe6 38. Ng3 Qe3 39. Rdd2 Bf3 40. Nf1
Qf4+ 41. Kg1 Qg4+ 42. Rg2 Bxg2 43. Rxg2 Qd4+ 44. Rf2 Kg6 45. a3 g4 46. Ng3 Kg5
47. Kg2 Qd5+ 48. Kh2 a5 49. Kg1 Qe5 50. Kg2 a4 51. Nf1 Kh4 52. Kg1 Qd4 53. Kg2
Qe4+ 54. Kh2 Qe5+ 55. Kg1 g3 0-1

[Event "7e Festival de Vaujany 2016 - principal"]
[Site "Vaujany "]
[Date "2016.07.19"]
[Round "4.4"]
[White "Di Nicolantonio, Lucas"]
[Black "Valles, Manuel"]
[Result "1/2-1/2"]
[WhiteElo "2393"]
[BlackElo "2397"]
[PlyCount "87"]
[EventDate "2016.??.??"]
[WhiteTeam "Cercle d'Echecs de l'Agglomération Annécienne"]
[BlackTeam "Echiquier Centre Vaucluse "]

1. e4 c5 2. Nf3 e6 3. d4 cxd4 4. Nxd4 a6 5. Bd3 Bc5 6. Nb3 Ba7 7. Qg4 Nf6 8.
Qg3 Nc6 9. Nc3 d6 10. Bg5 h6 11. Bd2 Ne5 12. Be2 g5 13. O-O-O Ng6 14. e5 dxe5
15. Bxg5 Qe7 16. Be3 b5 17. Bd3 Nf4 18. Bxf4 exf4 19. Qxf4 Bb7 20. Be4 Nxe4 21.
Nxe4 Bxe4 22. Qxe4 Rc8 23. f4 Qc7 24. f5 Qc6 25. Qd3 O-O 26. Kb1 exf5 27. Qxf5
Rfd8 28. Rhf1 Qg6 29. Qxg6+ fxg6 30. c3 Kg7 31. Kc2 Bb6 32. Rd3 h5 33. Rfd1
Rxd3 34. Kxd3 Re8 35. Nd4 g5 36. b4 Bc7 37. g3 Kg6 38. a4 bxa4 39. Ra1 h4 40.
Rxa4 hxg3 41. hxg3 Bxg3 42. Rxa6+ Kh5 43. Ne6 Kh4 44. c4 1/2-1/2

[Event "7e Festival de Vaujany 2016 - principal"]
[Site "Vaujany"]
[Date "2016.07.19"]
[Round "4.5"]
[White "Bandet, Raphael"]
[Black "Drozdowski, Kacper"]
[Result "0-1"]
[WhiteElo "2156"]
[BlackElo "2490"]
[PlyCount "106"]
[EventDate "2016.??.??"]

1. e4 c5 2. Nf3 e6 3. d4 cxd4 4. Nxd4 a6 5. c4 Nf6 6. Nc3 Qc7 7. a3 b6 8. Be3
Bb7 9. f3 d6 10. Rc1 Nbd7 11. Be2 Be7 12. O-O O-O 13. Qe1 Rac8 14. Qf2 Qb8 15.
Rfd1 Bd8 16. b4 Re8 17. Nb3 Bc7 18. g3 h5 19. Kh1 Qa8 20. c5 bxc5 21. bxc5 dxc5
22. Nxc5 Nxc5 23. Bxc5 h4 24. g4 h3 25. Be3 Be5 26. Bd4 Bf4 27. Be3 Qb8 28. Bf1
Qe5 29. Bxh3 Rxc3 30. Rxc3 Qxc3 31. Bxf4 Nxe4 32. fxe4 Qxh3 33. Qe3 Qxg4 34.
Rg1 Qf5 35. Rg5 Qxe4+ 36. Qxe4 Bxe4+ 37. Kg1 f6 38. Ra5 Bd3 39. Rc5 e5 40. Bd2
Kf7 41. Kf2 Bb5 42. Rc7+ Re7 43. Rxe7+ Kxe7 44. Kf3 Ke6 45. Kg4 Be2+ 46. Kg3 f5
47. Kf2 Bd1 48. Ke3 f4+ 49. Kd3 Kd5 50. Ba5 e4+ 51. Kd2 Ba4 52. Bc3 e3+ 53. Ke2
Ke4 0-1

[Event "7e Festival de Vaujany 2016 - principal"]
[Site "Vaujany "]
[Date "2016.07.19"]
[Round "4.6"]
[White "Brunner, Nicolas"]
[Black "Dudognon, Thibault"]
[Result "1-0"]
[WhiteElo "2443"]
[BlackElo "2158"]
[PlyCount "81"]
[EventDate "2016.??.??"]
[WhiteTeam "Vandoeuvre-Echecs"]
[BlackTeam "CE Vitrolles"]

1. d4 d5 2. c4 c6 3. Nf3 Nf6 4. Nc3 dxc4 5. a4 Bf5 6. Ne5 e6 7. f3 Bb4 8. e4
Bxe4 9. fxe4 Nxe4 10. Bd2 Qxd4 11. Nxe4 Qxe4+ 12. Qe2 Bxd2+ 13. Kxd2 Qd5+ 14.
Kc2 Na6 15. Nxc4 O-O 16. Qe5 Rab8 17. Be2 b5 18. Qxd5 Nb4+ 19. Kd2 cxd5 20. Ne5
Rbc8 21. Rhc1 f6 22. Nd7 Rfd8 23. Nc5 bxa4 24. Nxe6 Rxc1 25. Rxc1 Re8 26. Nd4
Re4 27. Nf5 Rf4 28. Rc8+ Kf7 29. Rc7+ Kf8 30. Nxg7 Rd4+ 31. Ke1 Re4 32. Kf2 d4
33. Bc4 Re7 34. Ne6+ Ke8 35. Bb5+ Kf7 36. Rxe7+ Kxe7 37. Nxd4 Kd6 38. Ke3 a3
39. bxa3 Nd5+ 40. Ke4 Kc5 41. a4 1-0

[Event "7e Festival de Vaujany 2016 - principal"]
[Site "Vaujany"]
[Date "2016.07.19"]
[Round "4.7"]
[White "Skomorokhin, Roman"]
[Black "Vanheirzeele, Daniel"]
[Result "1/2-1/2"]
[WhiteElo "2396"]
[BlackElo "2142"]
[PlyCount "86"]
[EventDate "2016.??.??"]

1. d4 Nf6 2. Nf3 e6 3. e3 b6 4. Bd3 Bb7 5. O-O d5 6. b3 Nbd7 7. c4 Bd6 8. Nc3
a6 9. cxd5 exd5 10. Bb2 O-O 11. Ne2 Ne4 12. Rc1 Qe7 13. Qc2 Rac8 14. Ng3 f5 15.
Qe2 Ra8 16. Rc2 g6 17. Rfc1 c6 18. Nf1 Rf6 19. Ne1 a5 20. f3 Re6 21. g3 Ng5 22.
Qg2 Nf6 23. Be2 Nf7 24. Nd3 a4 25. Qf2 Qd7 26. b4 Ba6 27. a3 Bc4 28. Ne5 Bxe5
29. dxe5 Nxe5 30. Bxe5 Rxe5 31. Bxc4 dxc4 32. Rxc4 Rc8 33. Qb2 Qd5 34. Rd4 Qe6
35. Qc2 b5 36. Rcd1 Rd5 37. Rxd5 cxd5 38. Qd3 Qc6 39. Qd4 Qc3 40. Qb6 Qc6 41.
Qa7 Rc7 42. Qb8+ Kg7 43. h3 Re7 1/2-1/2

[Event "7e Festival de Vaujany 2016 - principal"]
[Site "Vaujany"]
[Date "2016.07.19"]
[Round "4.8"]
[White "David, Bogdan-Emanuel"]
[Black "Midoux, Sebastien"]
[Result "0-1"]
[WhiteElo "2161"]
[BlackElo "2343"]
[PlyCount "76"]
[EventDate "2016.??.??"]

1. e4 c5 2. Nf3 d6 3. d4 cxd4 4. Nxd4 Nf6 5. Nc3 a6 6. Be3 e5 7. Nb3 Be6 8. f3
Be7 9. Qd2 h5 10. O-O-O Nbd7 11. Kb1 Rc8 12. Nd5 Nxd5 13. exd5 Bf5 14. Bd3 Bxd3
15. Qxd3 Nf6 16. Nd2 g6 17. Ne4 Kf8 18. Rhf1 Kg7 19. Nxf6 Bxf6 20. f4 exf4 21.
Rxf4 Be5 22. Bd4 f5 23. Rf3 Qf6 24. c3 Rhe8 25. Kc2 Bxd4 26. Qxd4 Re2+ 27. Kc1
Qxd4 28. Rxd4 Rxg2 29. Re3 Rxh2 30. Re7+ Kh6 31. Rxb7 h4 32. Rd7 Kg5 33. Rxd6
Rg2 34. Re6 h3 35. Re1 h2 36. Rdd1 f4 37. Rh1 f3 38. Rdf1 Kf4 0-1

[Event "7e Festival de Vaujany 2016 - principal"]
[Site "Vaujany"]
[Date "2016.07.19"]
[Round "4.9"]
[White "Houard, Sebastien"]
[Black "Viennot, Dylan"]
[Result "0-1"]
[WhiteElo "2133"]
[BlackElo "2331"]
[PlyCount "64"]
[EventDate "2016.??.??"]

1. e4 e6 2. d4 d5 3. Nc3 Nf6 4. Bg5 Be7 5. e5 Nfd7 6. Bxe7 Qxe7 7. f4 O-O 8.
Nf3 c5 9. Bd3 f6 10. exf6 Nxf6 11. O-O c4 12. Be2 Nc6 13. Ne5 Nd7 14. Qd2 Ndxe5
15. fxe5 Bd7 16. Bf3 Qb4 17. a3 Qb6 18. Nxd5 exd5 19. Bxd5+ Kh8 20. c3 Nxe5 21.
Qe2 Rfe8 22. Rfe1 Ng6 23. Qc2 Rxe1+ 24. Rxe1 Qb5 25. Bf7 Rf8 26. Bxg6 hxg6 27.
Re5 Qc6 28. Qe2 Re8 29. h3 Rxe5 30. Qxe5 Kh7 31. Qe7 Qd5 32. g4 g5 0-1

[Event "7e Festival de Vaujany 2016 - principal"]
[Site "Vaujany "]
[Date "2016.07.19"]
[Round "4.10"]
[White "Le Corre, Benjamin"]
[Black "Mihok, Laszlo"]
[Result "1-0"]
[WhiteElo "2323"]
[BlackElo "2096"]
[PlyCount "123"]
[EventDate "2016.??.??"]
[WhiteTeam "Vandoeuvre-Echecs"]

1. e4 e5 2. Nf3 Nc6 3. Bb5 a6 4. Ba4 Nge7 5. Bb3 Ng6 6. Nc3 d6 7. d4 Be7 8. Be3
Na5 9. Qe2 Nxb3 10. axb3 O-O 11. dxe5 Nxe5 12. Nxe5 dxe5 13. Rd1 Bd6 14. Bc5
Qe7 15. Nd5 Qe6 16. Qc4 b5 17. Qc3 Qg4 18. O-O Qxe4 19. Rfe1 Qh4 20. g3 Qh5 21.
Nxc7 Bxc5 22. Qxc5 Bb7 23. Qxe5 Qf3 24. Nd5 Rad8 25. c4 Qxb3 26. Ne7+ Kh8 27.
Rxd8 Rxd8 28. Nf5 Rg8 29. Nd6 Qf3 30. Nxb7 Qxb7 31. c5 b4 32. Rc1 Qc6 33. Qd6
Rc8 34. Qe7 Kg8 35. Rd1 h6 36. Rd7 Qe6 37. Rd8+ Rxd8 38. Qxd8+ Kh7 39. Qd3+ Kg8
40. Qd8+ Kh7 41. Qd3+ Kg8 42. h4 f5 43. Qc2 f4 44. c6 fxg3 45. fxg3 Qe5 46. Kh2
Qc7 47. Qc4+ Kh8 48. Qc5 a5 49. Qf8+ Kh7 50. Qf5+ Kh8 51. Qd7 Qe5 52. c7 Qe2+
53. Kh3 Qf1+ 54. Kg4 Qe2+ 55. Kf4 Qf2+ 56. Ke5 Qxg3+ 57. Kd5 Qf3+ 58. Kc5 Qf8+
59. Kb6 Qf2+ 60. Kb7 Qf3+ 61. Qc6 Qf7 62. Ka8 1-0

[Event "7e Festival de Vaujany 2016 - principal"]
[Site "Vaujany"]
[Date "2016.07.19"]
[Round "4.11"]
[White "Degardin, Sylvain"]
[Black "Rooze, Jan"]
[Result "0-1"]
[WhiteElo "2101"]
[BlackElo "2322"]
[PlyCount "106"]
[EventDate "2016.??.??"]

1. e4 d6 2. d4 Nf6 3. Nc3 g6 4. f4 Bg7 5. Bd3 O-O 6. Nf3 Na6 7. O-O c5 8. d5
Bg4 9. Bc4 Nc7 10. a4 a6 11. Qd3 Nd7 12. a5 b5 13. axb6 Nxb6 14. Bd2 Nxc4 15.
Qxc4 Bd7 16. Qd3 Qb8 17. Ra2 Qb7 18. b3 Rfb8 19. Rb1 Qc8 20. Na4 c4 21. Qe3 f5
22. Ba5 fxe4 23. Qxe4 cxb3 24. Rxb3 Nb5 25. Nb6 Rxb6 26. Bxb6 Nc3 27. Rxc3 Qxc3
28. Qe2 Qb4 29. Rxa6 Rxa6 30. Qxa6 Qxf4 31. Qe2 Bf6 32. h3 Qc1+ 33. Kh2 Qb2 34.
Bd8 Kf7 35. Qd2 Qb8 36. Ba5 Qb5 37. Bc3 Qc4 38. Bxf6 exf6 39. c3 Bf5 40. Qd4
Qxd4 41. Nxd4 Bd3 42. g4 Bc4 43. Kg3 Bxd5 44. h4 g5 45. h5 Be4 46. Kf2 f5 47.
Ke3 Kf6 48. gxf5 Bxf5 49. Kf3 h6 50. Nc6 Bd7 51. Na5 Be8 52. Kg4 Bb5 53. c4 Ba6
0-1

[Event "7e Festival de Vaujany 2016 - principal"]
[Site "Vaujany"]
[Date "2016.07.19"]
[Round "4.12"]
[White "Favarel, Camille"]
[Black "Drozdowski, Konrad"]
[Result "1/2-1/2"]
[WhiteElo "2256"]
[BlackElo "2088"]
[PlyCount "92"]
[EventDate "2016.??.??"]

1. d4 d5 2. Bf4 Nf6 3. e3 Bf5 4. c4 c6 5. Nc3 e6 6. Qb3 Qb6 7. c5 Qxb3 8. axb3
Nbd7 9. b4 Ne4 10. f3 Nxc3 11. bxc3 Be7 12. Ne2 Bd3 13. Nc1 Bxf1 14. Rxf1 O-O
15. Nb3 Bd8 16. Kd2 a6 17. Rfb1 f6 18. Bd6 Rf7 19. Na5 Nf8 20. Rb2 f5 21. Rba2
Bxa5 22. bxa5 Rd8 23. Rb2 h6 24. Kd3 Nh7 25. Rab1 Rdd7 26. Re1 Nf6 27. Rbe2 Kh7
28. Be5 Ng8 29. Rg1 Ne7 30. Rf2 Ng6 31. Bd6 Rf6 32. g4 fxg4 33. Rxg4 Nh8 34.
Be5 Rg6 35. Rfg2 Rf7 36. Ke2 Rxg4 37. Rxg4 Ng6 38. Bd6 Rf5 39. Rg1 Rf7 40. Bg3
Rd7 41. e4 Kg8 42. Ke3 Kf7 43. Be1 Ne7 44. Bg3 Ng6 45. Bd6 Nh4 46. Bg3 Ng6
1/2-1/2

[Event "7e Festival de Vaujany 2016 - principal"]
[Site "Vaujany"]
[Date "2016.07.19"]
[Round "4.13"]
[White "Bluhm, Sonja Maria"]
[Black "Schmitt, Gregory"]
[Result "1-0"]
[WhiteElo "2229"]
[BlackElo "1987"]
[PlyCount "41"]
[EventDate "2016.??.??"]

1. e4 b6 2. d4 Bb7 3. Nc3 e6 4. Bd3 Nf6 5. Nge2 Bb4 6. O-O Bxc3 7. Nxc3 d6 8.
e5 Nd5 9. Qg4 g6 10. Bg5 Ne7 11. Bf6 Rg8 12. Qh4 d5 13. Qxh7 Kf8 14. Nd1 Nd7
15. Ne3 Nxf6 16. exf6 Nf5 17. Ng4 Nxd4 18. Nh6 Qxf6 19. Nxg8 Nf3+ 20. gxf3 Qxf3
21. Nh6 1-0

[Event "7e Festival de Vaujany 2016 - principal"]
[Site "Vaujany"]
[Date "2016.07.19"]
[Round "4.14"]
[White "Gaborit, Jean-Pierre"]
[Black "Strohl, Antoine"]
[Result "1/2-1/2"]
[WhiteElo "2182"]
[BlackElo "1913"]
[PlyCount "59"]
[EventDate "2016.??.??"]

1. d4 d5 2. Bg5 h6 3. Bh4 c6 4. Nf3 Qb6 5. b3 Bf5 6. e3 e6 7. Bd3 Bxd3 8. Qxd3
Be7 9. Bg3 Nf6 10. c4 Ne4 11. O-O Nxg3 12. hxg3 Nd7 13. c5 Qc7 14. Nc3 O-O 15.
e4 dxe4 16. Qxe4 Rfd8 17. Rfe1 Nf6 18. Qe2 Qa5 19. Na4 Nd5 20. Nb2 Qc7 21. Rac1
Bf6 22. Nc4 Ne7 23. Red1 Nf5 24. Qe4 Rd5 25. g4 Nxd4 26. Nxd4 Rad8 27. Nd6
R8xd6 28. cxd6 Qxd6 29. Qf3 Bxd4 30. Re1 1/2-1/2

[Event "7e Festival de Vaujany 2016 - principal"]
[Site "Vaujany"]
[Date "2016.07.19"]
[Round "4.15"]
[White "Teychene, Jean-Louis"]
[Black "Juhasz, Barbara"]
[Result "1/2-1/2"]
[WhiteElo "1853"]
[BlackElo "2179"]
[PlyCount "61"]
[EventDate "2016.??.??"]

1. d4 Nf6 2. c4 g6 3. g3 Bg7 4. Bg2 O-O 5. Nc3 d6 6. Nf3 Nbd7 7. O-O e5 8. e4
c6 9. h3 Re8 10. Be3 exd4 11. Nxd4 Nc5 12. Qc2 a5 13. Rad1 Qe7 14. Rfe1 Bd7 15.
Bf4 Nh5 16. Be3 Rad8 17. b3 Bc8 18. a3 Na6 19. Rb1 Qf8 20. Nde2 Be6 21. Bb6 Rb8
22. Bd4 f5 23. Bxg7 Nxg7 24. Nd4 Bd7 25. Rbd1 Nc5 26. exf5 Nxf5 27. Nde2 Be6
28. Nf4 Bf7 29. Ne4 Nxe4 30. Bxe4 Ng7 31. Qc3 1/2-1/2

[Event "7e Festival de Vaujany 2016 - principal"]
[Site "Vaujany"]
[Date "2016.07.19"]
[Round "4.16"]
[White "Bianchi, Tobias"]
[Black "Meunier, Clement"]
[Result "1/2-1/2"]
[WhiteElo "2016"]
[BlackElo "2338"]
[PlyCount "233"]
[EventDate "2016.??.??"]

1. d4 Nf6 2. c4 c5 3. Nf3 cxd4 4. Nxd4 e5 5. Nb5 d5 6. cxd5 Bc5 7. d6 O-O 8.
Nc7 Ne4 9. e3 Bb4+ 10. Nc3 Nxc3 11. bxc3 Bxc3+ 12. Bd2 Bxa1 13. Nxa8 Qxd6 14.
Qxa1 Be6 15. Be2 Nd7 16. Qb2 Rxa8 17. O-O Bd5 18. Rc1 Bc6 19. Bb4 Qg6 20. Bf1
h5 21. Rd1 Re8 22. Bc3 Nb6 23. Qd2 Nd5 24. Bb2 Nf6 25. Qa5 Qc2 26. Qd2 Qa4 27.
a3 Ne4 28. Qc1 Ng5 29. Be2 h4 30. Qc4 Qxc4 31. Bxc4 h3 32. Bd5 Rd8 33. e4 hxg2
34. Kxg2 Bxd5 35. exd5 f6 36. Kg3 Ne4+ 37. Kf3 Nd6 38. Bc3 Kf7 39. Bb4 Ke7 40.
Rg1 Kf7 41. Bxd6 Rxd6 42. Ke4 g6 43. Rc1 Ke7 44. Rg1 Ra6 45. Rxg6 Ra4+ 46. Ke3
Rxa3+ 47. Ke4 Ra4+ 48. Ke3 Kf7 49. Rg1 b5 50. Rb1 a6 51. Rc1 Ke7 52. Rc6 a5 53.
Re6+ Kf7 54. Rb6 Rb4 55. Rb7+ Kg6 56. d6 a4 57. d7 Rd4 58. f4 Kf5 59. fxe5 fxe5
60. h4 Ke6 61. Rxb5 Rxd7 62. Ra5 Rd4 63. h5 Rh4 64. h6 a3 65. Kf3 Kf5 66. Kg3
Rxh6 67. Rxa3 Rg6+ 68. Kf2 Rb6 69. Ke3 Rb2 70. Ra8 Rb3+ 71. Ke2 Kf4 72. Ra4+ e4
73. Ra2 Rh3 74. Ra8 Rh2+ 75. Kd1 Kf3 76. Rf8+ Ke3 77. Re8 Ra2 78. Rh8 Ra1+ 79.
Kc2 Rf1 80. Re8 Rf4 81. Kd1 Rh4 82. Re7 Rh1+ 83. Kc2 Re1 84. Rh7 Rf1 85. Re7
Rh1 86. Re8 Rh5 87. Kd1 Rd5+ 88. Ke1 Rd4 89. Rh8 Ra4 90. Rh3+ Kd4 91. Rh8 Kd3
92. Re8 Ke3 93. Kd1 Rd4+ 94. Ke1 Kd3 95. Ra8 Rb4 96. Re8 Rb7 97. Re6 Rh7 98.
Re8 Rh3 99. Re7 Rh4 100. Re8 Rf4 101. Ra8 Rf7 102. Ra3+ Kd4 103. Ra4+ Ke3 104.
Ra3+ Kf4 105. Ra8 Re7 106. Rf8+ Ke3 107. Rb8 Rd7 108. Re8 Kd3 109. Kf2 Rd6 110.
Re7 Rd4 111. Ke1 Ra4 112. Re8 Ke3 113. Kf1 Ra7 114. Re6 Ra8 115. Re7 Rf8+ 116.
Ke1 Rf5 117. Re6 1/2-1/2

[Event "7e Festival de Vaujany 2016 - principal"]
[Site "Vaujany"]
[Date "2016.07.19"]
[Round "4.17"]
[White "Boghossian, Pierre"]
[Black "Chalmeta Ugas, Ramon"]
[Result "0-1"]
[WhiteElo "1973"]
[BlackElo "2249"]
[PlyCount "70"]
[EventDate "2016.??.??"]

1. e4 c5 2. c3 d5 3. exd5 Qxd5 4. d4 e5 5. dxe5 Qxd1+ 6. Kxd1 Nc6 7. f4 f6 8.
Nf3 Bg4 9. Bb5 O-O-O+ 10. Ke2 Nge7 11. exf6 gxf6 12. Nbd2 a6 13. Ba4 Bf5 14.
Bb3 b5 15. Bf7 Nd5 16. Nb3 Nb6 17. Be3 Bd3+ 18. Kf2 Na4 19. Rhe1 Be7 20. Bc1
Kc7 21. Na5 Bd6 22. Nxc6 Kxc6 23. b3 Nxc3 24. Bb2 b4 25. a3 Bxf4 26. axb4 cxb4
27. Re6+ Rd6 28. Nd4+ Kd7 29. Rxd6+ Bxd6 30. Be6+ Ke7 31. Bf5 Bc5 32. Bxd3 Rd8
33. Rxa6 Rxd4 34. Rc6 Rxd3+ 35. Rxc5 Rd2+ 0-1

[Event "7e Festival de Vaujany 2016 - principal"]
[Site "Vaujany"]
[Date "2016.07.19"]
[Round "4.18"]
[White "Hodot, Yves"]
[Black "Gatineau, Yovann"]
[Result "1/2-1/2"]
[WhiteElo "1858"]
[BlackElo "2206"]
[PlyCount "116"]
[EventDate "2016.??.??"]

1. e4 c5 2. g3 d5 3. exd5 Qxd5 4. Qf3 Qxf3 5. Nxf3 Nc6 6. c3 Bg4 7. Bg2 O-O-O
8. Na3 e5 9. Nc4 f6 10. Ne3 Be6 11. O-O Nge7 12. a4 g5 13. a5 e4 14. Ne1 f5 15.
f4 gxf4 16. gxf4 Bh6 17. Bh3 Rhf8 18. a6 b6 19. Ra4 Na5 20. b4 Nb3 21. N1g2 b5
22. Ra3 c4 23. Kh1 Nxd2 24. Bxd2 Rxd2 25. Ra5 Bd7 26. Rd1 Rd3 27. Rxd3 exd3 28.
Ra2 Bc6 29. Kg1 Bg7 30. Ra3 Be4 31. Kf2 Ng6 32. Ke1 Bh6 33. Ra5 Nxf4 34. Nxf4
Bxf4 35. Nf1 Bc6 36. Ra2 Re8+ 37. Kf2 Be5 38. Ra3 Kc7 39. Bg2 Bxh2 40. Bxc6
Re2+ 41. Kf3 Kxc6 42. Nxh2 Rxh2 43. Ra1 Rc2 44. Rh1 Rxc3 45. Rh6+ Kd5 46. Rxh7
d2+ 47. Ke2 Rd3 48. Kd1 c3 49. Rd7+ Kc4 50. Rxd3 Kb3 51. Rd5 Kb2 52. Rc5 f4 53.
Rc7 Kb3 54. Rf7 Kb2 55. Rc7 Kb3 56. Rf7 Kb2 57. Rc7 f3 58. Rxc3 Kxc3 1/2-1/2

[Event "7e Festival de Vaujany 2016 - principal"]
[Site "Vaujany"]
[Date "2016.07.19"]
[Round "4.19"]
[White "Skomorokhina, Ekaterina"]
[Black "Zachary, Matheo"]
[Result "0-1"]
[WhiteElo "1919"]
[BlackElo "2130"]
[PlyCount "128"]
[EventDate "2016.??.??"]

1. d4 Nf6 2. Bf4 e6 3. e3 c5 4. c3 Nc6 5. Nf3 d5 6. Nbd2 Bd6 7. Bg3 O-O 8. Bd3
b6 9. Ne5 Bb7 10. f4 Ne7 11. Qf3 Nf5 12. Bf2 Be7 13. O-O Nd6 14. Qh3 Nfe4 15.
Ndf3 Nf5 16. Rad1 Qe8 17. g4 Nfd6 18. Nd2 f6 19. Nef3 Qg6 20. Qh5 Qxh5 21. gxh5
a5 22. Bb1 a4 23. Nxe4 Nxe4 24. a3 Bc6 25. f5 Kf7 26. fxe6+ Kxe6 27. Bg3 Be8
28. h6 Nxg3 29. hxg7 Rg8 30. hxg3 Rxg7 31. Kf2 Bd6 32. Rg1 Bc6 33. Nh4 Bc7 34.
Nf5 Rg5 35. Nh4 Rag8 36. g4 h5 37. Bh7 Rh8 38. Bf5+ Kf7 39. Nf3 Rg7 40. gxh5
Rxh5 41. Be6+ Kf8 42. Rxg7 Kxg7 43. Rg1+ Kf8 44. Rg6 Ke7 45. Bg4 Rh1 46. Bf5
Ra1 47. Rg2 Bd6 48. Bd3 Rd1 49. Bc2 Ra1 50. Bd3 Ke6 51. Ke2 Be8 52. Kd2 Bh5 53.
Nh4 Bf8 54. Ng6 Bxg6 55. Bxg6 cxd4 56. cxd4 b5 57. Kc3 Bxa3 58. Bd3 b4+ 59. Kc2
b3+ 60. Kc3 Rc1+ 61. Bc2 Rxc2+ 62. Rxc2 bxc2 63. Kxc2 Bb4 64. Kd3 Kf5 0-1

[Event "7e Festival de Vaujany 2016 - principal"]
[Site "Vaujany"]
[Date "2016.07.19"]
[Round "4.20"]
[White "Bergero, Simone"]
[Black "Soyer, Jean-Yves"]
[Result "0-1"]
[WhiteElo "1916"]
[BlackElo "2073"]
[PlyCount "70"]
[EventDate "2016.??.??"]

1. d4 Nf6 2. Bg5 c5 3. Nc3 cxd4 4. Qxd4 Nc6 5. Qh4 e6 6. Nf3 Be7 7. e4 d6 8.
O-O-O Qa5 9. Bd3 a6 10. Kb1 h6 11. Rhe1 Nd4 12. e5 Nxf3 13. gxf3 dxe5 14. Ne4
Nxe4 15. Bxe7 Nd2+ 16. Kc1 Nxf3 17. Qg4 Qxa2 18. Qxf3 Kxe7 19. Qg3 Qa1+ 20. Kd2
Qa5+ 21. c3 e4 22. Qxg7 Qg5+ 23. Qxg5+ hxg5 24. Bxe4 Rxh2 25. Re2 Bd7 26. Bxb7
Rb8 27. Bxa6 Rxb2+ 28. Ke3 Rxe2+ 29. Kxe2 Bc6 30. c4 g4 31. Rd4 g3 32. Rg4
Rxf2+ 33. Ke3 Rf3+ 34. Ke2 g2 35. Bb5 Rf1 0-1

[Event "7e Festival de Vaujany 2016 - principal"]
[Site "Vaujany"]
[Date "2016.07.19"]
[Round "4.21"]
[White "Marin Benito, Carla"]
[Black "Nastro, Federico"]
[Result "1-0"]
[WhiteElo "1904"]
[BlackElo "2071"]
[PlyCount "123"]
[EventDate "2016.??.??"]

1. e4 e5 2. Nc3 Nf6 3. g3 Bc5 4. Bg2 d6 5. h3 a6 6. Nge2 Nc6 7. O-O Be6 8. d3
h5 9. Nd5 Qd7 10. Nxf6+ gxf6 11. Kh2 h4 12. g4 d5 13. Nc3 d4 14. Ne2 O-O-O 15.
f4 exf4 16. Nxf4 Ne5 17. Nxe6 Qxe6 18. Rf5 Bd6 19. Bf4 Ng6 20. Bxd6 Qxd6+ 21.
Kh1 Ne7 22. Rf3 Qe5 23. Qd2 Rd6 24. Raf1 Rb6 25. c3 Rg8 26. Rc1 Rg6 27. b3 dxc3
28. Rxc3 Rc6 29. d4 Qd6 30. Qf2 Rxc3 31. Rxc3 Nc6 32. Rc4 Qg3 33. Qxg3 hxg3 34.
d5 Ne5 35. Rc3 Kd7 36. Bf1 Rg8 37. Kg2 Ng6 38. Kxg3 Rh8 39. Bc4 Kd6 40. b4 Re8
41. Bd3 Rh8 42. Bc2 Rh6 43. Rf3 Ke7 44. Bb3 Rh7 45. a3 Rh8 46. d6+ cxd6 47. Rc3
Rd8 48. Rc7+ Rd7 49. Rxd7+ Kxd7 50. Bxf7 Ne5 51. Bd5 b6 52. Kf4 Ke7 53. Kf5 Nf3
54. Kf4 Ne5 55. h4 Ng6+ 56. Kg3 Kf8 57. h5 Ne7 58. Kf4 Kg7 59. g5 fxg5+ 60.
Kxg5 a5 61. b5 a4 62. Be6 1-0

[Event "7e Festival de Vaujany 2016 - principal"]
[Site "Vaujany"]
[Date "2016.07.19"]
[Round "4.22"]
[White "Cavatorta, Fosco"]
[Black "Suez-Panama, Gilles"]
[Result "0-1"]
[WhiteElo "1888"]
[BlackElo "2017"]
[PlyCount "60"]
[EventDate "2016.??.??"]

1. d4 Nf6 2. Nf3 d5 3. e3 c6 4. c4 e6 5. Nbd2 Nbd7 6. Bd3 dxc4 7. Nxc4 b5 8.
Nce5 Bb7 9. O-O a6 10. a4 h6 11. b3 b4 12. Bb2 c5 13. Rc1 Be7 14. Qe2 O-O 15.
Rfd1 cxd4 16. exd4 Qa5 17. Nc6 Bxc6 18. Rxc6 Qd5 19. Qc2 Nb8 20. Rc8 Nbd7 21.
Rxf8+ Bxf8 22. Rc1 Nb6 23. Qc6 Qxb3 24. Ne5 Qxb2 25. Rb1 Qxd4 26. a5 Rc8 27.
Qxb6 Qxe5 28. Bxa6 Rc2 29. Bd3 Rd2 30. Qd8 Qc3 0-1

[Event "7e Festival de Vaujany 2016 - principal"]
[Site "Vaujany"]
[Date "2016.07.19"]
[Round "4.23"]
[White "Tripodi, Enzo"]
[Black "Mina, Marco"]
[Result "0-1"]
[WhiteElo "1874"]
[BlackElo "2009"]
[PlyCount "72"]
[EventDate "2016.??.??"]

1. e4 e6 2. d4 d5 3. Nd2 Nf6 4. e5 Nfd7 5. Bd3 c5 6. c3 Nc6 7. Ne2 cxd4 8. cxd4
f6 9. exf6 Nxf6 10. Nf3 Bd6 11. O-O Qc7 12. Ng3 O-O 13. a3 e5 14. Bf5 e4 15.
Ng5 g6 16. Be6+ Kg7 17. Bxc8 Qxc8 18. Qd2 Ng4 19. b4 Ne7 20. h3 Nh6 21. h4 Ng4
22. Nh3 e3 23. Qd3 Bxg3 24. fxg3 Rxf1+ 25. Qxf1 Nf5 26. Qf3 Qc2 27. Qxg4 e2 28.
Bf4 Qc3 29. Be5+ Kg8 30. Qxe2 Qxa1+ 31. Kh2 Qc3 32. Bf4 Qc6 33. Be5 Re8 34. Qg4
Ne3 35. Qf4 Qc1 36. Qf6 Ng4# 0-1

[Event "7e Festival de Vaujany 2016 - principal"]
[Site "Vaujany"]
[Date "2016.07.19"]
[Round "4.24"]
[White "Lebon, Nicolas"]
[Black "Georges, Thomas"]
[Result "0-1"]
[WhiteElo "1854"]
[BlackElo "1980"]
[PlyCount "146"]
[EventDate "2016.??.??"]

1. f4 d5 2. Nf3 Nf6 3. e3 c5 4. b3 Nc6 5. Bb5 e6 6. Bb2 Be7 7. O-O O-O 8. Bxc6
bxc6 9. Ne5 Qc7 10. d3 Ne8 11. Nd2 Nd6 12. Qe2 f6 13. Nef3 Ba6 14. c4 Rab8 15.
Rfe1 Rfe8 16. e4 Nf7 17. e5 f5 18. Qf2 Kh8 19. Kh1 Rg8 20. Rg1 g5 21. fxg5 Nxg5
22. Nxg5 Rxg5 23. Nf3 Rg7 24. Bc1 Rbg8 25. Bh6 Rg6 26. Bd2 d4 27. Bf4 Bc8 28.
g3 Bd7 29. Ne1 Be8 30. Ng2 R6g7 31. Qe2 Bd8 32. Bh6 Rg6 33. Bd2 Qd7 34. Raf1
Bg5 35. Bxg5 Rxg5 36. Nf4 Bf7 37. Re1 Qe8 38. Qf3 Bh5 39. Nxh5 Qxh5 40. Qxh5
Rxh5 41. Ref1 Rhg5 42. Rf4 a5 43. Kg2 Ra8 44. Rb1 Rg7 45. Rh4 Kg8 46. Rh6 Rg6
47. Rxg6+ hxg6 48. h4 Kg7 49. Kf3 Kh6 50. Kf4 Rg8 51. Rh1 Rg7 52. Rh2 Rb7 53.
Rb2 a4 54. Rb1 axb3 55. axb3 Ra7 56. Rb2 Ra1 57. Kf3 Rd1 58. Ke2 Rh1 59. Kf3
Re1 60. Re2 Rxe2 61. Kxe2 Kh5 62. Kf3 g5 63. hxg5 Kxg5 64. Kf2 Kg4 65. Kg2 f4
66. gxf4 Kxf4 67. Kf2 Kxe5 68. Kf3 Kf5 69. Kg3 e5 70. Kf3 e4+ 71. dxe4+ Ke5 72.
Ke2 Kxe4 73. Kd2 d3 0-1

[Event "7e Festival de Vaujany 2016 - principal"]
[Site "Vaujany"]
[Date "2016.07.19"]
[Round "4.25"]
[White "Prats Rodriguez, Juan Bosco"]
[Black "Williams, Johann"]
[Result "1-0"]
[WhiteElo "1987"]
[BlackElo "1837"]
[PlyCount "87"]
[EventDate "2016.??.??"]

1. e4 c5 2. Nc3 Nc6 3. g3 g6 4. Bg2 Bg7 5. d3 Rb8 6. Be3 b5 7. Qd2 b4 8. Nd1 d6
9. Ne2 Qb6 10. O-O e6 11. c3 bxc3 12. bxc3 Ba6 13. Rc1 Nge7 14. f3 O-O 15. Nf2
Rfd8 16. Bh6 Qb2 17. Qe3 Bh8 18. h4 Qb6 19. h5 d5 20. hxg6 hxg6 21. Ng4 Ne5 22.
Qg5 Nxg4 23. fxg4 Rb7 24. Rf2 e5 25. exd5 Qd6 26. c4 f6 27. Qe3 Nc8 28. Be4 Ne7
29. Nc3 Rc7 30. Rcf1 Qd7 31. Bf3 Nc8 32. Ne4 Qe7 33. d6 Nxd6 34. Nxc5 Nxc4 35.
dxc4 Bxc4 36. Ne4 Bxf1 37. Rxf1 Rdc8 38. Bd1 Rc6 39. Qd2 Bg7 40. Bb3+ Kh7 41.
Be3 Re6 42. Qh2+ Kg8 43. Qf2 Rc7 44. Nxf6+ 1-0